Catalog

Record Details

Catalog Search



Islam  Cover Image Book Book

Islam / by Isma'il R. Al Faruqi, Ph.D.

Record details

  • ISBN: 0-89505-022-6
  • Physical Description: 83 p.
  • Publisher: Allen, Texas Argus Communications 1979

Available copies

  • 1 of 1 copy available at Common Catalog SPOK.

Holds

  • 0 current holds with 1 total copy.
Show Only Available Copies
Location Call Number / Copy Notes Barcode Shelving Location Status Due Date
ETS Library 297 424470000012 Volný výběr Available -

LDR 00581nam a2 00229
00134673
003CZ-PrJAB
00520021115000000.0
008010410s1979 xxu e |||| |eng
009us
020 . ‡a0-89505-022-6
035 . ‡a(CONS)4363
035 . ‡aKPS1493
041 . ‡aeng
08214. ‡a297
100 . ‡7907 ‡aAl Faruqi, Isma'il R.
245 . ‡aIslam / ‡cby Isma'il R. Al Faruqi, Ph.D.
260 . ‡aAllen, Texas ‡bArgus Communications ‡c1979
300 . ‡a83 p.
653 . ‡aIslam
8524 . ‡bETS ‡bETS ‡cVolný výběr ‡j297 ‡gA ‡p424470000012
910 . ‡aABG450
999 . ‡a4363 ‡bAUTOGEN ‡c4363 ‡tbiblio
905 . ‡uadmin
901 . ‡a34673 ‡b ‡c34673 ‡tbiblio ‡sets

Additional Resources